| 000 | 00698nam a2200229Ia 4500 | ||
|---|---|---|---|
| 008 | 160319s9999 xx 000 0 und d | ||
| 020 | _a971-584-469-3 | ||
| 050 | _aFIL PE 1130.5 | ||
| 050 | _b.P5S43 2006 | ||
| 100 | _aSebastian, Evelyn L. | ||
| 245 | _aEnglish proficiency instruction 1 / | ||
| 245 | _cEvelyn L. Sebastian. | ||
| 260 | _aQuezon City : | ||
| 260 | _bC & E Pub. Inc., | ||
| 260 | _c2006 | ||
| 300 | _a113 pages : | ||
| 300 | _billustrations ; | ||
| 300 | _c26 cm. | ||
| 500 | _aIncludes bibliographical references. | ||
| 650 | _aEnglish language -- Textbook for foreign speakers -- Filipinio. | ||
| 650 | _xEnglish language -- Grammar -- Problems, exercises, etc. | ||
| 999 |
_c291753 _d291753 |
||